| 000 | 00000nas 2200000za 4500 |
| 001 | 9.800052 |
| 003 | CaOODSP |
| 005 | 20230201095212 |
| 007 | cr ||||||||||| |
| 008 | 150420c20159999oncar p o f0 b0fre|d |
| 022 | |a2369-4394 |
| 040 | |aCaOODSP|bfre |
| 043 | |an-cn--- |
| 086 | 1 |aPS61-32F-PDF|zPS61-32 |
| 110 | 2 |aProgramme de protection des témoins (Canada) |
| 222 | 0|aRapport annuel à l'intention du Commissaire ... |b(Programme de protection des témoins (Canada). En ligne) |
| 245 | 14|a... rapport annuel à l'intention du commissaire |h[ressource électronique] / |cProgramme de protection des témoins, Comité consultatif. |
| 246 | 13|aRapport annuel ... |
| 260 | |aOttawa : |bGendarmerie royale du Canada,|cc2015- |
| 310 | |aAnnuel |
| 362 | 1 |aParaît depuis: 1er (2015). |
| 500 | |aPublié aussi en anglais sous le titre : Annual report to the Commissioner. |
| 692 | 07|2gccst|aMaintien de l'ordre public |
| 693 | 4|aProtection des témoins |
| 710 | 2 |aGendarmerie royale du Canada. |
| 775 | 08|t... annual report to the Commissioner |w(CaOODSP)9.800051 |
| 776 | 0#|tRapport annuel à l'intention du commissaire |w(CaOODSP)9.802222 |